Cryogenic optical systems and instruments II : 23-24 January 1986, Los Angeles, California /

Bibliographic Details
Corporate Authors: Ames Research Center, George C. Marshall Space Flight Center, Goddard Space Flight Center
Other Authors: Melugin, Ramsey K.
Format: Book
Language:English
Published: Bellingham, Wash., USA : SPIE--the International Society for Optical Engineering, [1986]
Series:Proceedings of SPIE--the International Society for Optical Engineering ; v. 619.
Subjects:

MARC

Tag First Indicator Second Indicator Subfields
LEADER 00000cam a2200000 a 4500
001 in00000418721
005 20151012061858.0
008 860822s1986 waua b 10100 eng d
010 |a  86070360  
020 |a 0892526548 
035 |a (OCoLC)14127521 
035 |9 ABV6521AM 
040 |a AZU  |c AZU  |d TXA  |d UtOrBLW 
049 |a TXAM  |c [A09633564] 
090 |a QB470.A1  |b C782 1986 
245 0 0 |a Cryogenic optical systems and instruments II :  |b 23-24 January 1986, Los Angeles, California /  |c Ramsey K. Melugin, chairman/editor ; cooperating organizations: NASA/Ames Research Center, NASA/George C. Marshall Space Flight Center, NASA/Goddard Space Flight Center. 
264 1 |a Bellingham, Wash., USA :  |b SPIE--the International Society for Optical Engineering,  |c [1986] 
264 4 |c ©1986 
300 |a vi, 184 pages :  |b illustrations ;  |c 28 cm. 
336 |a text  |b txt  |2 rdacontent 
337 |a unmediated  |b n  |2 rdamedia 
338 |a volume  |b nc  |2 rdacarrier 
490 1 |a Proceedings of SPIE--The International Society for Optical Engineering ;  |v v. 619 
504 |a Includes bibliographies and index. 
650 0 |a Infrared telescopes  |x Congresses. 
650 0 |a Optical instruments  |v Congresses. 
650 0 |a Astronomical instruments  |v Congresses. 
650 0 |a Low temperatures  |v Congresses. 
700 1 |a Melugin, Ramsey K. 
710 2 |a Ames Research Center. 
710 2 |a George C. Marshall Space Flight Center. 
710 2 |a Goddard Space Flight Center. 
830 0 |a Proceedings of SPIE--the International Society for Optical Engineering ;  |v v. 619. 
999 |a MARS 
999 f f |s 7452c00f-8ab8-3ac1-bada-eb02ed331f7a  |i baf87fa9-fe49-33c1-b72a-debb9199dbd7  |t 0 
952 f f |p ric  |a Texas A&M University  |b Rellis Campus  |c Joint Library Facility  |d Remote Storage  |t 0  |e QB470.A1 C782 1986  |h Library of Congress classification  |i unmediated -- volume  |m A14809633564 
998 f f |a QB470.A1 C782 1986  |t 0  |l Remote Storage